Statistics for Top 15 Countries with Covid-19 Cases - 11 December

Click here to take the quiz!

General Stats

  • This quiz has been taken 20 times
  • The average score is 16 of 27

Answer Stats

country% Correct
United Kingdom
100%
United States
100%
Germany
95%
Brazil
90%
France
90%
Italy
90%
Russia
90%
Spain
90%
India
85%
Mexico
80%
Argentina
75%
Poland
75%
Turkey
65%
Iran
60%
Belgium
45%
Colombia
45%
Austria
40%
Switzerland
40%
Croatia
30%
Armenia
25%
Czechia
25%
Georgia
25%
Israel
25%
Slovenia
25%
Qatar
20%
Bahrain
15%
Panama
15%

Score Distribution

Percentile by Number Answered

Percent of People with Each Score

Your Score History

You have not taken this quiz